[Event "18th Charleroi Open-A 2019"]
[Site "Charleroi"]
[Date "2019.08.03"]
[Round "9.2"]
[White "Miezis, Normunds"]
[Black "Lugovskoy, Maxim"]
[Result "0-1"]
[WhiteElo "2495"]
[BlackElo "2425"]
[Annotator "ChessBase"]
[PlyCount "130"]
[EventDate "2019.07.22"]
[EventType "swiss"]
[EventCountry "BEL"]
[SourceTitle "playchess.com"]
[Source "ChessBase"]
[SourceQuality "1"]
[TimeControl "40/5400+30:1800+30"]

1. c4 {[%emt 0:00:00]} e6 {[%emt 0:00:00]} 2. e4 {[%emt 0:00:10]} d5 {[%emt 0:00:00]} 3. exd5 {[%emt 0:00:11]} exd5 {[%emt 0:00:04]} 4. d4 {[%emt 0:00:10]} Nf6 {[%emt 0:00:33]} 5. Nc3 {[%emt 0:00:30]} Bb4 {[%emt 0:00:09]} 6. Bd3 {[%emt 0:00:49]} O-O {[%emt 0:00:14]} 7. Nge2 {[%emt 0:00:43]} c5 {[%emt 0:00:03]} 8. O-O {[%emt 0:06:32]} dxc4 {[%emt 0:00:03]} 9. Bxc4 {[%emt 0:00:20]} cxd4 {[%emt 0:00:03]} 10. Nxd4 {[%emt 0:00:48]} Bg4 {[%emt 0:00:03]} 11. Nce2 {[%emt 0:07:14]} Bc5 {[%emt 0:00:04]} 12. Bf4 {[%emt 0:07:02]} Bxe2 {[%emt 0:01:28]} 13. Nxe2 {[%emt 0:05:07]} Qxd1 {[%emt 0:00:03]} 14. Raxd1 {[%emt 0:00:35]} Nc6 {[%emt 0:00:03]} 15. a3 {[%emt 0:10:32]} Rfe8 {[%emt 0:03:37]} 16. b4 {[%emt 0:03:20]} Bb6 {[%emt 0:00:08]} 17. Ng3 {[%emt 0:12:41]} Nd4 {[%emt 0:29:28]} 18. a4 {[%emt 0:05:30]} Rac8 {[%emt 0:01:46]} 19. Rc1 {[%emt 0:05:07]} Ne6 {[%emt 0:12:20]} 20. Bd6 {[%emt 0:05:26]} Rcd8 {[%emt 0:09:32]} 21. Nf5 {[%emt 0:12:35]} Nd4 {[%emt 0:01:46]} 22. Nxd4 {[%emt 0:00:32]} Rxd6 {[%emt 0:03:06]} 23. Nf5 {[%emt 0:00:21]} Rd2 {[%emt 0:00:20]} 24. a5 {[%emt 0:00:22]} Bd4 {[%emt 0:00:59]} 25. Bb5 {[%emt 0:04:09]} Rd8 {[%emt 0:00:35]} 26. Rc7 {[%emt 0:00:46]} Ne4 {[%emt 0:03:21]} 27. Rxb7 {[%emt 0:03:24]} Bxf2+ {[%emt 0:00:55]} 28. Kh1 {[%emt 0:00:38]} Kf8 {[%emt 0:04:57]} 29. Bc4 {[%emt 0:04:39]} R2d7 {[%emt 0:00:06]} 30. a6 {[%emt 0:00:50]} Bb6 {[%emt 0:10:54]} 31. g3 {[%emt 0:00:29]} Nf2+ {[%emt 0:00:49]} 32. Kg2 {[%emt 0:00:29]} Ng4 {[%emt 0:00:05]} 33. Rd1 {[%emt 0:02:17]} Rd2+ {[%emt 0:03:16]} 34. Rxd2 {[%emt 0:00:37]} Rxd2+ {[%emt 0:00:01]} 35. Be2 {[%emt 0:01:03]} Rxe2+ {[%emt 0:00:49]} 36. Kf3 {[%emt 0:00:03]} Rf2+ {[%emt 0:00:04]} 37. Kxg4 {[%emt 0:00:08]} h5+ {[%emt 0:00:02]} 38. Kh3 {[%emt 0:00:15]} Kg8 {[%emt 0:09:12]} 39. Ne7+ {[%emt 0:00:39]} Kh7 {[%emt 0:00:35]} 40. Nd5 {[%emt 0:00:47]} Bd4 {[%emt 0:00:46]} 41. Nf4 {[%emt 0:09:59]} Kh6 {[%emt 0:03:58]} 42. Rd7 {[%emt 0:00:41]} g5 {[%emt 0:05:13]} 43. Nxh5 {[%emt 0:00:12]} Be5 {[%emt 0:00:07]} 44. Nf4 {[%emt 0:02:59]} f5 {[%emt 0:01:10]} 45. g4 {[%emt 0:02:29]} fxg4+ {[%emt 0:01:12]} 46. Kxg4 {[%emt 0:00:13]} Rxf4+ {[%emt 0:00:03]} 47. Kh3 {[%emt 0:00:10]} Rxb4 {[%emt 0:00:18]} 48. Rxa7 {[%emt 0:00:09]} Rh4+ {[%emt 0:04:06]} 49. Kg2 {[%emt 0:00:22]} Rxh2+ {[%emt 0:00:03]} 50. Kf3 {[%emt 0:00:17]} Ra2 {[%emt 0:00:06]} 51. Ke4 {[%emt 0:00:33]} Bh2 {[%emt 0:01:56]} 52. Ra8 {[%emt 0:00:31]} Kh5 {[%emt 0:01:22]} 53. Rh8+ {[%emt 0:01:55]} Kg4 {[%emt 0:00:04]} 54. a7 {[%emt 0:00:08]} Rxa7 {[%emt 0:00:02]} 55. Rxh2 {[%emt 0:00:10]} Re7+ {[%emt 0:00:01]} 56. Kd3 {[%emt 0:00:17]} Kg3 {[%emt 0:00:06]} 57. Rh8 {[%emt 0:00:31]} g4 {[%emt 0:00:06]} 58. Rg8 {[%emt 0:00:11]} Kf3 {[%emt 0:00:06]} 59. Rf8+ {[%emt 0:00:07]} Kg2 {[%emt 0:00:03]} 60. Rg8 {[%emt 0:00:13]} g3 {[%emt 0:00:04]} 61. Kd2 {[%emt 0:00:15]} Kf2 {[%emt 0:00:09]} 62. Rf8+ {[%emt 0:00:32]} Kg1 {[%emt 0:00:03]} 63. Rf3 {[%emt 0:00:23]} g2 {[%emt 0:00:09]} 64. Rf8 {[%emt 0:00:07]} Rh7 {[%emt 0:00:14]} 65. Ke2 {[%emt 0:00:31]} Kh2 {[%emt 0:00:16]} 0-1

[Event "18th Charleroi Open-A 2019"]
[Site "Charleroi"]
[Date "2019.08.03"]
[Round "9.3"]
[White "Anciaux, Marc"]
[Black "Mirzoev, Azer"]
[Result "0-1"]
[WhiteElo "2120"]
[BlackElo "2474"]
[Annotator "ChessBase"]
[PlyCount "84"]
[EventDate "2019.07.22"]
[EventType "swiss"]
[EventCountry "BEL"]
[SourceTitle "playchess.com"]
[Source "ChessBase"]
[SourceQuality "1"]
[TimeControl "40/5400+30:1800+30"]

1. e4 {[%emt 0:00:00]} c6 {[%emt 0:00:00]} 2. d4 {[%emt 0:00:00]} d5 {[%emt 0:00:00]} 3. Nd2 {[%emt 0:00:01]} g6 {[%emt 0:00:16]} 4. Ngf3 {[%emt 0:00:25]} Bg7 {[%emt 0:00:03]} 5. c3 {[%emt 0:00:16]} Nh6 {[%emt 0:00:10]} 6. Be2 {[%emt 0:03:40]} O-O {[%emt 0:00:15]} 7. O-O {[%emt 0:00:15]} a5 {[%emt 0:00:10]} 8. a4 {[%emt 0:00:13]} Na6 {[%emt 0:00:06]} 9. exd5 {[%emt 0:06:56]} cxd5 {[%emt 0:00:27]} 10. Nb3 {[%emt 0:01:00]} b6 {[%emt 0:02:27]} 11. Bf4 {[%emt 0:04:40]} f6 {[%emt 0:01:26]} 12. Qd2 {[%emt 0:01:54]} Nf7 {[%emt 0:00:24]} 13. Rfe1 {[%emt 0:05:58]} Ra7 {[%emt 0:00:54]} 14. h3 {[%emt 0:04:23]} Nc7 {[%emt 0:00:45]} 15. Bxc7 {[%emt 0:09:48]} Rxc7 {[%emt 0:00:27]} 16. Bb5 {[%emt 0:04:07]} e5 {[%emt 0:05:05]} 17. dxe5 {[%emt 0:00:49]} fxe5 {[%emt 0:00:05]} 18. Rad1 {[%emt 0:00:14]} Bb7 {[%emt 0:00:08]} 19. Qe2 {[%emt 0:01:18]} Qf6 {[%emt 0:02:13]} 20. Nh2 {[%emt 0:04:12]} h5 {[%emt 0:02:32]} 21. Nf1 {[%emt 0:06:31]} Nd6 {[%emt 0:02:33]} 22. Ne3 {[%emt 0:03:09]} Nxb5 {[%emt 0:03:18]} 23. axb5 {[%emt 0:00:12]} Qf7 {[%emt 0:01:44]} 24. Nd2 {[%emt 0:06:03]} Rc5 {[%emt 0:04:22]} 25. f3 {[%emt 0:03:31]} Kh7 {[%emt 0:02:28]} 26. Qd3 {[%emt 0:04:01]} Rcc8 {[%emt 0:02:29]} 27. Ndf1 {[%emt 0:01:46]} Rfd8 {[%emt 0:01:14]} 28. Re2 {[%emt 0:03:11]} Qf8 {[%emt 0:01:53]} 29. Red2 {[%emt 0:01:39]} Qc5 {[%emt 0:02:03]} 30. Kh1 {[%emt 0:00:17]} Bh6 {[%emt 0:07:56]} 31. Re2 {[%emt 0:05:18]} Bf4 {[%emt 0:00:31]} 32. Nc2 {[%emt 0:07:21]} Qc7 {[%emt 0:01:49]} 33. Nce3 {[%emt 0:04:41]} Rd7 {[%emt 0:01:45]} 34. g3 {[%emt 0:02:17]} Bh6 {[%emt 0:00:22]} 35. Kg2 {[%emt 0:00:23]} Rf8 {[%emt 0:01:01]} 36. Nd2 {[%emt 0:00:32]} Rff7 {[%emt 0:02:43]} 37. Rf1 {[%emt 0:01:39]} Qc5 {[%emt 0:03:54]} 38. Nb3 {[%emt 0:00:44]} Qf8 {[%emt 0:00:18]} 39. Ref2 {[%emt 0:00:55]} a4 {[%emt 0:01:26]} 40. Nd2 {[%emt 0:00:23]} Qc5 {[%emt 0:02:59]} 41. Nc2 {[%emt 0:30:55]} Rfe7 {[%emt 0:32:10]} 42. Re2 {[%emt 0:00:00]} e4 {[%emt 0:00:00]} 0-1

[Event "18th Charleroi Open-A 2019"]
[Site "Charleroi"]
[Date "2019.08.03"]
[Round "9.4"]
[White "Klinova, Masha"]
[Black "Goormachtigh, Johan"]
[Result "1/2-1/2"]
[WhiteElo "2269"]
[BlackElo "2164"]
[Annotator "NA"]
[PlyCount "92"]
[EventDate "2019.07.22"]
[EventType "swiss"]
[EventCountry "BEL"]
[SourceTitle "playchess.com"]
[Source "ChessBase"]
[SourceQuality "1"]
[TimeControl "40/5400+30:1800+30"]

1. e4 {[%emt 0:00:00]} c5 {[%emt 0:00:00]} 2. Nc3 {[%emt 0:00:00]} Nc6 {[%emt 0:00:09]} 3. g3 {[%emt 0:00:00]} g6 {[%emt 0:00:44]} 4. Bg2 {[%emt 0:00:00]} Bg7 {[%emt 0:00:07]} 5. d3 {[%emt 0:00:00]} d6 {[%emt 0:01:08]} 6. f4 {[%emt 0:00:40]} e6 {[%emt 0:03:21]} 7. Nf3 {[%emt 0:06:16]} Nge7 {[%emt 0:00:16]} 8. O-O {[%emt 0:00:06]} O-O {[%emt 0:00:08]} 9. Be3 {[%emt 0:03:54]} b6 {[%emt 0:03:13]} 10. Bf2 {[%emt 0:03:06]} e5 {[%emt 0:15:34]} 11. Qd2 {[%emt 0:04:03]} Nd4 {[%emt 0:24:31]} 12. Be3 {[%emt 0:18:54]} Nxf3+ {[%emt 0:07:08]} 13. Rxf3 {[%emt 0:01:55]} Bg4 {[%emt 0:00:24]} 14. Rf2 {[%emt 0:00:36]} exf4 {[%emt 0:10:24]} 15. gxf4 {[%emt 0:10:04]} Qd7 {[%emt 0:04:41]} 16. Raf1 {[%emt 0:07:39]} Rae8 {[%emt 0:17:14]} 17. Kh1 {[%emt 0:02:18]} f5 {[%emt 0:00:30]} 18. h3 {[%emt 0:01:13]} Bh5 {[%emt 0:00:11]} 19. Re1 {[%emt 0:08:00]} Bf6 {[%emt 0:01:22]} 20. Rff1 {[%emt 0:00:26]} Bh4 {[%emt 0:05:45]} 21. Bf2 {[%emt 0:01:34]} Bf6 {[%emt 0:00:19]} 22. Bg3 {[%emt 0:07:10]} Bg7 {[%emt 0:00:56]} 23. Bh4 {[%emt 0:00:34]} Kh8 {[%emt 0:01:00]} 24. Kh2 {[%emt 0:04:20]} b5 {[%emt 0:00:17]} 25. a3 {[%emt 0:04:10]} a5 {[%emt 0:00:12]} 26. Nd5 {[%emt 0:07:52]} Nxd5 {[%emt 0:00:21]} 27. exd5 {[%emt 0:00:04]} b4 {[%emt 0:00:14]} 28. axb4 {[%emt 0:00:38]} axb4 {[%emt 0:00:02]} 29. c3 {[%emt 0:00:28]} bxc3 {[%emt 0:00:14]} 30. bxc3 {[%emt 0:00:04]} Rxe1 {[%emt 0:00:45]} 31. Rxe1 {[%emt 0:00:36]} Re8 {[%emt 0:00:04]} 32. Bf2 {[%emt 0:00:21]} Kg8 {[%emt 0:01:25]} 33. c4 {[%emt 0:02:26]} Bf6 {[%emt 0:00:46]} 34. Re6 {[%emt 0:00:19]} Rxe6 {[%emt 0:02:11]} 35. dxe6 {[%emt 0:00:07]} Qa4 {[%emt 0:00:27]} 36. Bd5 {[%emt 0:00:53]} Kf8 {[%emt 0:00:31]} 37. d4 {[%emt 0:00:53]} Be7 {[%emt 0:01:14]} 38. Qb2 {[%emt 0:00:20]} Qb4 {[%emt 0:00:37]} 39. Qa2 {[%emt 0:00:36]} Qb8 {[%emt 0:00:33]} 40. Kg3 {[%emt 0:04:02]} h6 {[%emt 0:00:27]} 41. Qa3 {[%emt 0:03:41]} g5 {[%emt 0:08:19]} 42. Be3 {[%emt 0:09:18]} Qb1 {[%emt 0:15:02]} 43. dxc5 {[%emt 0:10:07]} gxf4+ {[%emt 0:03:10]} 44. Bxf4 {[%emt 0:00:52]} Qe1+ {[%emt 0:00:46]} 45. Kg2 {[%emt 0:00:34]} Qe2+ {[%emt 0:00:19]} 46. Kg1 {[%emt 0:01:30]} Qe1+ {[%emt 0:05:59]} 1/2-1/2

[Event "18th Charleroi Open-A 2019"]
[Site "Charleroi"]
[Date "2019.08.03"]
[Round "9.6"]
[White "Lacroix, Bruno"]
[Black "Capone, Nicola"]
[Result "1/2-1/2"]
[WhiteElo "2152"]
[BlackElo "2297"]
[Annotator "NA"]
[PlyCount "162"]
[EventDate "2019.07.22"]
[EventType "swiss"]
[EventCountry "BEL"]
[SourceTitle "playchess.com"]
[Source "ChessBase"]
[SourceQuality "1"]
[TimeControl "40/5400+30:1800+30"]

1. c4 {[%emt 0:00:00]} Nf6 {[%emt 0:00:00]} 2. Nc3 {[%emt 0:00:00]} g6 {[%emt 0:00:00]} 3. d4 {[%emt 0:00:00]} d5 {[%emt 0:00:11]} 4. Nf3 {[%emt 0:00:11]} Bg7 {[%emt 0:00:09]} 5. Bf4 {[%emt 0:00:24]} O-O {[%emt 0:10:09]} 6. Rc1 {[%emt 0:00:09]} c6 {[%emt 0:02:16]} 7. e3 {[%emt 0:00:29]} Bf5 {[%emt 0:00:21]} 8. h3 {[%emt 0:00:56]} Qb6 {[%emt 0:06:46]} 9. Qb3 {[%emt 0:02:49]} Qxb3 {[%emt 0:19:35]} 10. axb3 {[%emt 0:00:10]} Na6 {[%emt 0:02:18]} 11. g4 {[%emt 0:19:06]} Be4 {[%emt 0:03:34]} 12. Nxe4 {[%emt 0:00:31]} Nxe4 {[%emt 0:00:10]} 13. Nd2 {[%emt 0:08:25]} Nb4 {[%emt 0:09:39]} 14. c5 {[%emt 0:16:29]} Rfe8 {[%emt 0:06:51]} 15. f3 {[%emt 0:08:13]} Nxd2 {[%emt 0:11:23]} 16. Kxd2 {[%emt 0:00:04]} e5 {[%emt 0:00:06]} 17. Bxe5 {[%emt 0:00:19]} Bxe5 {[%emt 0:00:05]} 18. dxe5 {[%emt 0:00:03]} Rxe5 {[%emt 0:00:10]} 19. Bd3 {[%emt 0:00:26]} b6 {[%emt 0:08:05]} 20. Rhe1 {[%emt 0:02:33]} Rb8 {[%emt 0:00:51]} 21. Bb1 {[%emt 0:07:34]} Rd8 {[%emt 0:08:02]} 22. Kc3 {[%emt 0:04:39]} bxc5 {[%emt 0:00:18]} 23. f4 {[%emt 0:00:14]} d4+ {[%emt 0:04:23]} 24. exd4 {[%emt 0:02:28]} Rxe1 {[%emt 0:00:05]} 25. Rxe1 {[%emt 0:00:04]} Rxd4 {[%emt 0:00:04]} 26. Be4 {[%emt 0:01:37]} Kg7 {[%emt 0:03:55]} 27. f5 {[%emt 0:01:47]} Kf6 {[%emt 0:00:21]} 28. fxg6 {[%emt 0:00:19]} hxg6 {[%emt 0:00:36]} 29. h4 {[%emt 0:00:49]} Kg7 {[%emt 0:00:24]} 30. g5 {[%emt 0:01:11]} f5 {[%emt 0:01:24]} 31. gxf6+ {[%emt 0:00:15]} Kxf6 {[%emt 0:00:02]} 32. Rf1+ {[%emt 0:01:55]} Kg7 {[%emt 0:00:03]} 33. Re1 {[%emt 0:00:18]} Kh6 {[%emt 0:00:06]} 34. Re2 {[%emt 0:01:16]} Rd1 {[%emt 0:02:14]} 35. Rg2 {[%emt 0:02:01]} Nd5+ {[%emt 0:00:10]} 36. Bxd5 {[%emt 0:00:19]} cxd5 {[%emt 0:00:07]} 37. Rg5 {[%emt 0:00:09]} Rd4 {[%emt 0:00:55]} 38. Kc2 {[%emt 0:00:27]} c4 {[%emt 0:01:47]} 39. b4 {[%emt 0:00:18]} a6 {[%emt 0:01:03]} 40. Kc3 {[%emt 0:00:16]} Rd3+ {[%emt 0:00:04]} 41. Kc2 {[%emt 0:30:04]} d4 {[%emt 0:21:20]} 42. Rg4 {[%emt 0:00:00]} Kh5 {[%emt 0:01:51]} 43. Rg5+ {[%emt 0:00:00]} Kxh4 {[%emt 0:03:07]} 44. Rxg6 {[%emt 0:00:00]} Rb3 {[%emt 0:01:32]} 45. Rxa6 {[%emt 0:00:00]} Kg5 {[%emt 0:00:50]} 46. Re6 {[%emt 0:00:00]} Kf5 {[%emt 0:00:19]} 47. Re8 {[%emt 0:00:00]} d3+ {[%emt 0:00:12]} 48. Kc1 {[%emt 0:00:00]} Rxb4 {[%emt 0:00:05]} 49. Re7 {[%emt 0:00:00]} Kf4 {[%emt 0:00:31]} 50. Rf7+ {[%emt 0:00:00]} Ke3 {[%emt 0:00:16]} 51. Re7+ {[%emt 0:00:00]} Kd4 {[%emt 0:00:04]} 52. Rd7+ {[%emt 0:00:00]} Kc5 {[%emt 0:00:45]} 53. Rc7+ {[%emt 0:00:00]} Kd5 {[%emt 0:01:43]} 54. Rd7+ {[%emt 0:00:00]} Kc6 {[%emt 0:00:04]} 55. Rd8 {[%emt 0:00:00]} Rb5 {[%emt 0:01:07]} 56. Rc8+ {[%emt 0:00:00]} Kd5 {[%emt 0:00:06]} 57. Rh8 {[%emt 0:00:00]} Rb6 {[%emt 0:00:42]} 58. Rh5+ {[%emt 0:00:00]} Kd4 {[%emt 0:00:04]} 59. Rh4+ {[%emt 0:00:00]} Kc5 {[%emt 0:00:04]} 60. Rh5+ {[%emt 0:00:00]} Kb4 {[%emt 0:00:18]} 61. Rh8 {[%emt 0:00:00]} Kb3 {[%emt 0:02:47]} 62. Rc8 {[%emt 0:00:00]} Rb4 {[%emt 0:00:22]} 63. Rd8 {[%emt 0:00:00]} Rb5 {[%emt 0:00:22]} 64. Rc8 {[%emt 0:00:01]} Rb4 {[%emt 0:01:28]} 65. Rd8 {[%emt 0:00:17]} Ka4 {[%emt 0:00:05]} 66. Ra8+ {[%emt 0:00:23]} Kb5 {[%emt 0:00:03]} 67. Rb8+ {[%emt 0:00:18]} Kc5 {[%emt 0:00:02]} 68. Rc8+ {[%emt 0:00:08]} Kd6 {[%emt 0:02:23]} 69. Rd8+ {[%emt 0:00:59]} Kc6 {[%emt 0:00:06]} 70. Rc8+ {[%emt 0:00:19]} Kb7 {[%emt 0:01:04]} 71. Rc5 {[%emt 0:01:11]} Kb6 {[%emt 0:00:15]} 72. Rc8 {[%emt 0:00:12]} Ra4 {[%emt 0:00:20]} 73. Kd2 {[%emt 0:02:18]} Kb5 {[%emt 0:01:38]} 74. Kc3 {[%emt 0:02:33]} Ra6 {[%emt 0:00:06]} 75. Rd8 {[%emt 0:01:35]} Kc5 {[%emt 0:00:46]} 76. Rc8+ {[%emt 0:01:37]} Kb5 {[%emt 0:00:42]} 77. Rb8+ {[%emt 0:00:32]} Kc6 {[%emt 0:01:33]} 78. Kxc4 {[%emt 0:04:46]} Kc7 {[%emt 0:00:18]} 79. Rh8 {[%emt 0:00:04]} d2 {[%emt 0:00:15]} 80. Rh1 {[%emt 0:00:03]} Rc6+ {[%emt 0:00:10]} 81. Kd3 {[%emt 0:00:11]} Rd6+ {[%emt 0:00:10]} 1/2-1/2

[Event "18th Charleroi Open-A 2019"]
[Site "Charleroi"]
[Date "2019.08.03"]
[Round "9.8"]
[White "De Villers, Mourad"]
[Black "Abdullayev, Elshad"]
[Result "0-1"]
[WhiteElo "2140"]
[BlackElo "2204"]
[Annotator "NA"]
[PlyCount "84"]
[EventDate "2019.07.22"]
[EventType "swiss"]
[EventCountry "BEL"]
[SourceTitle "playchess.com"]
[Source "ChessBase"]
[SourceQuality "1"]
[TimeControl "40/5400+30:1800+30"]

1. c4 {[%emt 0:00:00]} c6 {[%emt 0:03:30]} 2. Nf3 {[%emt 0:00:03]} d5 {[%emt 0:00:16]} 3. g3 {[%emt 0:00:29]} Nf6 {[%emt 0:00:17]} 4. Bg2 {[%emt 0:00:15]} Bf5 {[%emt 0:01:12]} 5. cxd5 {[%emt 0:01:28]} cxd5 {[%emt 0:00:36]} 6. Qb3 {[%emt 0:00:39]} Qc8 {[%emt 0:02:23]} 7. Nc3 {[%emt 0:02:13]} e6 {[%emt 0:02:05]} 8. d3 {[%emt 0:01:20]} Nc6 {[%emt 0:00:31]} 9. O-O {[%emt 0:03:39]} h6 {[%emt 0:04:03]} 10. Bf4 {[%emt 0:02:01]} Be7 {[%emt 0:10:50]} 11. Ne5 {[%emt 0:18:37]} g5 {[%emt 0:07:06]} 12. Nxc6 {[%emt 0:02:22]} bxc6 {[%emt 0:00:05]} 13. Be5 {[%emt 0:02:39]} O-O {[%emt 0:00:25]} 14. e4 {[%emt 0:01:05]} Bg6 {[%emt 0:04:50]} 15. Bxf6 {[%emt 0:00:42]} Bxf6 {[%emt 0:00:05]} 16. f4 {[%emt 0:00:31]} Rb8 {[%emt 0:06:20]} 17. Qc2 {[%emt 0:01:30]} gxf4 {[%emt 0:02:40]} 18. gxf4 {[%emt 0:00:24]} Bd4+ {[%emt 0:00:07]} 19. Kh1 {[%emt 0:00:21]} f5 {[%emt 0:00:17]} 20. Rae1 {[%emt 0:01:34]} Rb7 {[%emt 0:15:51]} 21. b3 {[%emt 0:04:07]} fxe4 {[%emt 0:03:49]} 22. dxe4 {[%emt 0:00:46]} Rbf7 {[%emt 0:01:13]} 23. Qd2 {[%emt 0:03:13]} Bg7 {[%emt 0:10:56]} 24. f5 {[%emt 0:00:52]} Bh7 {[%emt 0:17:30]} 25. Rg1 {[%emt 0:05:30]} d4 {[%emt 0:04:20]} 26. Na4 {[%emt 0:06:48]} exf5 {[%emt 0:00:19]} 27. e5 {[%emt 0:00:17]} f4 {[%emt 0:00:36]} 28. Bf3 {[%emt 0:02:34]} c5 {[%emt 0:01:06]} 29. Bd5 {[%emt 0:01:40]} Kh8 {[%emt 0:00:26]} 30. Bxf7 {[%emt 0:02:41]} Rxf7 {[%emt 0:00:02]} 31. e6 {[%emt 0:00:12]} Re7 {[%emt 0:01:11]} 32. Qg2 {[%emt 0:13:03]} d3 {[%emt 0:00:15]} 33. Qd5 {[%emt 0:00:19]} Bd4 {[%emt 0:00:40]} 34. Rg2 {[%emt 0:00:59]} Bg8 {[%emt 0:00:33]} 35. Rg6 {[%emt 0:03:25]} d2 {[%emt 0:00:20]} 36. Rxh6+ {[%emt 0:01:10]} Rh7 {[%emt 0:00:36]} 37. Rxh7+ {[%emt 0:00:46]} Kxh7 {[%emt 0:00:29]} 38. Qh5+ {[%emt 0:03:59]} Kg7 {[%emt 0:00:01]} 39. Re4 {[%emt 0:08:48]} Qa8 {[%emt 0:01:03]} 40. Nxc5 {[%emt 0:00:52]} Bh7 {[%emt 0:00:27]} 41. Qg4+ {[%emt 0:35:59]} Kh8 {[%emt 0:30:22]} 42. Qh5 {[%emt 0:01:08]} Kg8 {[%emt 0:01:17]} 0-1

[Event "18th Charleroi Open-A 2019"]
[Site "Charleroi"]
[Date "2019.08.03"]
[Round "9.9"]
[White "Hoffmeister, Frank"]
[Black "Dauw, Sterre"]
[Result "1-0"]
[WhiteElo "2187"]
[BlackElo "2148"]
[Annotator "NA"]
[PlyCount "49"]
[EventDate "2019.07.22"]
[EventType "swiss"]
[EventCountry "BEL"]
[SourceTitle "playchess.com"]
[Source "ChessBase"]
[SourceQuality "1"]
[TimeControl "40/5400+30:1800+30"]

1. d4 {[%emt 0:00:00]} Nf6 {[%emt 0:03:14]} 2. c4 {[%emt 0:00:00]} g6 {[%emt 0:00:04]} 3. Nc3 {[%emt 0:00:00]} d5 {[%emt 0:00:03]} 4. Nf3 {[%emt 0:00:00]} Bg7 {[%emt 0:00:08]} 5. Bf4 {[%emt 0:00:00]} O-O {[%emt 0:00:08]} 6. e3 {[%emt 0:00:00]} c5 {[%emt 0:01:15]} 7. dxc5 {[%emt 0:00:07]} Qa5 {[%emt 0:01:55]} 8. Rc1 {[%emt 0:00:07]} dxc4 {[%emt 0:08:11]} 9. Bxc4 {[%emt 0:00:55]} Qxc5 {[%emt 0:00:14]} 10. Bb3 {[%emt 0:00:05]} Qa5 {[%emt 0:00:17]} 11. O-O {[%emt 0:00:19]} Nc6 {[%emt 0:00:27]} 12. h3 {[%emt 0:00:29]} Bf5 {[%emt 0:03:32]} 13. Qe2 {[%emt 0:03:16]} Ne4 {[%emt 0:02:46]} 14. Nd5 {[%emt 0:01:15]} e5 {[%emt 0:02:44]} 15. Bg5 {[%emt 0:02:13]} Nxg5 {[%emt 0:06:41]} 16. Nxg5 {[%emt 0:00:06]} h6 {[%emt 0:01:48]} 17. Rxc6 {[%emt 0:03:10]} hxg5 {[%emt 0:07:21]} 18. Rd6 {[%emt 0:01:51]} Kh7 {[%emt 0:08:59]} 19. Ne7 {[%emt 0:16:01]} Be4 {[%emt 0:02:35]} 20. Qg4 {[%emt 0:13:40]} Bc6 {[%emt 0:14:20]} 21. Qxg5 {[%emt 0:05:39]} Qb4 {[%emt 0:00:38]} 22. Rxg6 {[%emt 0:01:27]} fxg6 {[%emt 0:01:17]} 23. Qxg6+ {[%emt 0:00:07]} Kh8 {[%emt 0:00:06]} 24. Qh5+ {[%emt 0:00:00]} Bh6 {[%emt 0:00:07]} 25. Qxh6# {[%emt 0:00:02]} 1-0

[Event "18th Charleroi Open-A 2019"]
[Site "Charleroi"]
[Date "2019.08.03"]
[Round "9.10"]
[White "Manafov, Vugar"]
[Black "Sclacmender, Julien"]
[Result "1/2-1/2"]
[WhiteElo "2175"]
[BlackElo "2269"]
[Annotator "NA"]
[PlyCount "65"]
[EventDate "2019.07.22"]
[EventType "swiss"]
[EventCountry "BEL"]
[SourceTitle "playchess.com"]
[Source "ChessBase"]
[SourceQuality "1"]
[TimeControl "40/5400+30:1800+30"]

1. Nf3 {[%emt 0:03:17]} c5 {[%emt 0:00:00]} 2. g3 {[%emt 0:00:08]} Nc6 {[%emt 0:00:00]} 3. Bg2 {[%emt 0:00:03]} g6 {[%emt 0:00:00]} 4. O-O {[%emt 0:01:32]} Bg7 {[%emt 0:00:00]} 5. e4 {[%emt 0:00:36]} e5 {[%emt 0:00:16]} 6. Nh4 {[%emt 0:02:54]} d6 {[%emt 0:02:04]} 7. d3 {[%emt 0:00:43]} Nge7 {[%emt 0:00:07]} 8. f4 {[%emt 0:00:07]} exf4 {[%emt 0:00:14]} 9. gxf4 {[%emt 0:00:06]} f5 {[%emt 0:00:11]} 10. exf5 {[%emt 0:01:32]} Nxf5 {[%emt 0:01:08]} 11. Re1+ {[%emt 0:00:30]} Kf8 {[%emt 0:16:42]} 12. Nf3 {[%emt 0:00:28]} Nh4 {[%emt 0:05:51]} 13. Nbd2 {[%emt 0:05:48]} Bg4 {[%emt 0:03:42]} 14. c3 {[%emt 0:03:52]} Bf6 {[%emt 0:21:22]} 15. h3 {[%emt 0:13:20]} Bh5 {[%emt 0:02:30]} 16. Ne4 {[%emt 0:02:57]} Kg7 {[%emt 0:02:21]} 17. Ng3 {[%emt 0:01:32]} Bxf3 {[%emt 0:04:07]} 18. Bxf3 {[%emt 0:01:00]} Nxf3+ {[%emt 0:00:31]} 19. Qxf3 {[%emt 0:00:06]} Bh4 {[%emt 0:07:13]} 20. Re6 {[%emt 0:12:28]} Bxg3 {[%emt 0:03:40]} 21. Qxg3 {[%emt 0:00:10]} Ne7 {[%emt 0:02:18]} 22. Bd2 {[%emt 0:03:01]} Nf5 {[%emt 0:03:19]} 23. Qf3 {[%emt 0:01:21]} Qd7 {[%emt 0:00:45]} 24. Rae1 {[%emt 0:00:15]} b5 {[%emt 0:16:11]} 25. Qe4 {[%emt 0:03:05]} Kf7 {[%emt 0:01:01]} 26. Qd5 {[%emt 0:01:29]} Kg7 {[%emt 0:00:01]} 27. Qe4 {[%emt 0:01:58]} Kf7 {[%emt 0:00:04]} 28. Qd5 {[%emt 0:00:49]} Kg7 {[%emt 0:08:22]} 29. d4 {[%emt 0:39:23]} Kf7 {[%emt 0:00:30]} 30. Qe4 cxd4 31. cxd4 {[%emt 0:01:00]} d5 {[%emt 0:01:00]} 32. Qe5 {[%emt 0:00:30]} Rhe8 {[%emt 0:00:30]} 33. Qe4 {[%emt 0:00:30]} 1/2-1/2